| Tag |
First Indicator |
Second Indicator |
Subfields |
| LEADER |
00000cam a2200000 i 4500 |
| 001 |
in00000972004 |
| 005 |
20231130184519.0 |
| 008 |
770510s1957 bl a b 000 0 por d |
| 010 |
|
|
|a 85843825
|
| 019 |
|
|
|a 17122727
|a 977839693
|
| 029 |
1 |
|
|a AU@
|b 000025457538
|
| 035 |
|
|
|a (OCoLC)ocm02951289
|
| 035 |
|
|
|a (OCoLC)2951289
|z (OCoLC)17122727
|z (OCoLC)977839693
|
| 035 |
|
|
|a (OCoLC)ocm02951289
|
| 040 |
|
|
|a IQU
|b eng
|c IQU
|d DLC
|d OCLCQ
|d OCLCO
|d CNUTO
|d OCLCF
|d GZM
|d OCLCQ
|
| 043 |
|
|
|a s-bl---
|
| 050 |
|
4 |
|a HD1516.B8
|b A4x
|
| 082 |
0 |
4 |
|a 301.35
|q OCoLC
|
| 100 |
1 |
|
|a Almeida, Vicente Unzer de.
|
| 245 |
1 |
0 |
|a Condições de vida do pequeno agricultor no município de Registro :
|b (Registro Schokuminchi) /
|c Vicente Unzer de Almeida.
|
| 260 |
|
|
|a São Paulo :
|b Escola de Sociologia e Política de São Paulo,
|c 1957.
|
| 300 |
|
|
|a 104 pages :
|b illustrations ;
|c 23 cm
|
| 336 |
|
|
|a text
|b txt
|2 rdacontent
|
| 337 |
|
|
|a unmediated
|b n
|2 rdamedia
|
| 338 |
|
|
|a volume
|b nc
|2 rdacarrier
|
| 490 |
1 |
|
|a Estudos de antropologia teórica e aplicada ;
|v no. 6
|
| 504 |
|
|
|a Includes bibliographical references.
|
| 583 |
|
|
|a commitment to retain
|c 20151204
|2 pda
|5 OTUTLD
|
| 650 |
|
0 |
|a Agricultural colonies
|z Brazil
|z Vale do Ribeira de Iguape.
|
| 650 |
|
7 |
|a Agricultural colonies.
|2 fast
|0 (OCoLC)fst00800583
|
| 650 |
|
7 |
|a Agriculture
|z Brazil.
|2 ltcsh
|
| 650 |
|
7 |
|a Economic conditions
|z Brazil.
|2 ltcsh
|
| 650 |
|
7 |
|a Politics and government, Local
|z Brazil.
|2 ltcsh
|
| 650 |
|
7 |
|a Social conditions
|z Brazil.
|2 ltcsh
|
| 650 |
|
7 |
|a Social organization
|z Brazil.
|2 ltcsh
|
| 651 |
|
7 |
|a Brazil
|z Southern states.
|2 ltcsh
|
| 830 |
|
0 |
|a Estudos de antropologia teórica e prática ;
|v no. 6.
|
| 948 |
|
|
|h HELD BY TXA - 21 OTHER HOLDINGS
|
| 994 |
|
|
|a Z0
|b TXA
|
| 999 |
f |
f |
|s ed52217a-ce71-30ad-9652-3a5755ec7f4a
|i bcb1025c-96c6-3cee-a120-3faed4ca2010
|t 0
|
| 952 |
f |
f |
|p ric
|a Texas A&M University
|b Rellis Campus
|c Joint Library Facility
|s JLF
|d Remote Storage
|t 0
|e HD1516.B8 A4 1957
|h Library of Congress classification
|i unmediated -- volume
|m A14809157071
|